Potential of Floating PV Power Plant Deployed on lakes for Partial Electricity Supply: A Case study of NUST Lake / (Record no. 602001)

000 -LEADER
fixed length control field 00516nam a2200157Ia 4500
008 - FIXED-LENGTH DATA ELEMENTS--GENERAL INFORMATION
fixed length control field 230907s9999||||xx |||||||||||||| ||und||
082 ## - DEWEY DECIMAL CLASSIFICATION NUMBER
Classification number 621.3
Author Mark HAM
100 ## - MAIN ENTRY--PERSONAL NAME
Personal name Hamza Hafeez (00000319087)
9 (RLIN) 116653
245 #0 - TITLE STATEMENT
Title Potential of Floating PV Power Plant Deployed on lakes for Partial Electricity Supply: A Case study of NUST Lake /
260 ## - PUBLICATION, DISTRIBUTION, ETC.
Place of publication, distribution, etc. USPCAS-E, NUST,
Name of publisher, distributor, etc. Islamabad :
Date of publication, distribution, etc. 2021
300 ## - PHYSICAL DESCRIPTION
Extent xiii, 57 p.
520 ## - SUMMARY, ETC.
Summary, etc. TH-323
650 ## - SUBJECT ADDED ENTRY--TOPICAL TERM
Topical term or geographic name entry element MS-ESE Thesis
710 ## - ADDED ENTRY--CORPORATE NAME
Corporate name or jurisdiction name as entry element Dr. Adeel Waqas
9 (RLIN) 118068
942 ## - ADDED ENTRY ELEMENTS (KOHA)
Koha item type Thesis
Source of classification or shelving scheme
Holdings
Withdrawn status Lost status Source of classification or shelving scheme Damaged status Not for loan Permanent Location Current Location Date acquired Full call number Barcode Date last seen Price effective from Koha item type
          US-Pakistan Center for Advanced Studies in Energy (USPCAS-E) US-Pakistan Center for Advanced Studies in Energy (USPCAS-E) 12/16/2021 621.3 HAM CAS-ETH0000323 09/12/2023 09/12/2023 Thesis
© 2023 Central Library, National University of Sciences and Technology. All Rights Reserved.